000 01902nam a2200409 c 4500
003 BLK
005 20241207155255.0
008 180409b bul|||||r ||||||| ||bul||
010 _aKNG00121894000
040 _aBLK
041 _aBUL
_cBUL
080 _aМузика
_b78
_x(497.2)
_z78(497.2)
080 _aМузиканти-творци, композитори
_b78.071.1
_x(497.2)(092)
_z78.071.1(497.2)(092)
080 _a
_b929 Райчев, Александър Иванов
_x
_z929 Райчев, Александър Иванов
100 _aРайчев, Александър Иванов
_d1922-2003
_eпърви автор
_9378936
600 0 _aРайчев, Александър Иванов
_d1922-2003
_9378936
700 1 _aПавлов, Емил
_eподб. и състав.
_9376406
139 _aРайчев, Александър Иванов
_bР 29
245 1 0 _aКомпозитор и съвременност
_bСтатии и речи
_cАлександър Иванов Райчев; подб. и състав. Емил Павлов.
257 _aBGR
260 София
_bМузика
_c1985
300 _a267 с.
_bс ноти, 16 л. : ил.
_c20 см
380 _a7
500 _aСъдържа и Избрани статии и изказвания на Александър Райчев ; Юбилейни поздравления и спомени за Александър Райчев.
650 0 _aМузика - България
_9256005
650 4 _aКомпозитори
_9159003
653 _aкомпозитори
653 _aБългария
653 _aстатии
653 _aспомени
852 _aЦб 135706
856 4 _qpdf
_u
856 4 _qpdf
_u
942 _cKNG
_n0
944 _aCR
_c12.03.2011
_lГеновева Генчева
_k30560
944 _aED
_c14.09.2015
_lдобави в АБ / 11.03.2011
_kВаля_Йорданова
999 _c116354
_d116354